Statistics for Top 5 Atlanta Hawks Players Per Position

Click here to take the quiz!

General Stats

  • This quiz has been taken 195 times
    (143 since last reset)
  • The average score is 12 of 25

Answer Stats

Position#PlayerWS% Correct
PG4Trae Young 37.6
94%
SF1Dominique Wilkins107.4
93%
PG3Lenny Wilkens47.6
93%
PF1Bob Pettit136.0
90%
C4Dikembe Mutombo44.4
82%
C1Al Horford64.2
73%
SG3Eddie Johnson39.9
73%
SG2Joe Johnson44.7
73%
PF3Josh Smith47.6
70%
SG4Steve Smith39.1
70%
PG5Jeff Teague33.5
66%
SG1Lou Hudson73.5
53%
PG2Doc Rivers52.0
52%
PF2Kevin Willis54.2
43%
C2Tree Rollins58.8
40%
SF2Cliff Hagan75.1
39%
PG1Mookie Blaylock58.4
35%
SF3John Drew60.7
21%
PF4Dan Roundfield45.9
20%
C3Zelmo Beaty55.9
20%
SG5Jason Terry29.4
15%
SF5Joe Caldwell22.5
15%
PF5Bill Bridges43.9
12%
C5Chuck Share35.5
5%
SF4Josh Childress23.3
3%

Score Distribution

Percentile by Number Answered

Percent of People with Each Score

Your Score History

You have not taken this quiz since the last reset